000 00720nam a2200265Ia 4500
003 OSt
005 20221006142336.0
006 a|||||r|||| 00| 0
007 ta
008 221006b |||||||| |||| 00| 0 eng d
020 _a8170491426
024 _a6,111
037 _bGift, Korean Embassy
_cTextual
040 _aEASL
_cEASL
_beng
041 _2eng
_aeng
082 _aP495.2, P2-;3
100 _aKIM Do Young
_9647447
245 0 _aKorean language in India
260 _aNew Delhi
_bManas Publications India
_c2002
300 _a138p.
_ccm.
490 _v KEL
650 _aKEL
942 _hP495.2, P2-;3
_cTEXL
_2CC
999 _c1074197
_d1074197